书目信息 |
| 书名: | General Inorganic Chemistry | |
| 作者: | J.A.Duffy | |
| 分册号: | ||
| 分册名: | 出版地: |
|
| 出版社: | ||
| 出版时间: | ||
| 页数: | 321 p. ; | |
| 开本: | 20cm. | |
| 丛书名: | ||
| 中图分类号: | ||
| 科图分类号: | ||
| 其他分类号: | O6:H31 | |
| 主题词: | ||
| 电子资源: | ||
| 000 | 00369nam 2200145 a 4500 | |
| 001 | E0752014315 | |
| 005 | 20070726082046.42 | |
| 008 | 070301s 00010 eng | |
| 020 | @cCNY1.50. | |
| 040 | @aPFT@beng | |
| 090 | @aO6:H31 | |
| 099 | @dO6:H31@ex79=2 | |
| 245 | @aGeneral Inorganic Chemistry / @cJ.A.Duffy@s(Second Edition). | |
| 250 | @a2nd ed. | |
| 300 | @a321 p. ;@c20cm. | |
| General Inorganic Chemistry / / J.A.Duffy ((Second Edition).).-2nd ed. |
| 321 p. ; ; 20cm. |
| ISBN CNY1.50. |
| ● |
| 相关链接 |
|
|
|
|
正题名:General Inorganic Chemistry
索取号:O6:H31/x79=2
 
预约/预借
| 序号 | 登录号 | 条形码 | 馆藏地/架位号 | 状态 | 备注 |
| 1 | 16951 | 300139240 | 密集书库/ [索取号:O6:H31/x79=2] | 在馆 | |
| 2 | 48226 | 000636556 | 第四借阅区/ [索取号:O6:H31/x79=2] | 在馆 |